Flags in the style of Belarus - Statistics

General Stats
  • This quiz has been taken 39 times
  • The average score is 5 of 8
Answer Stats
Picture Answer % Correct
Latvia
94%
Poland
94%
Russia
91%
Greece
70%
Spain
67%
Portugal
36%
United States
30%
Palestine
21%
No matching quizzes found
Score Distribution
Percent of People with Each Score
Percentile by Number Answered
Your Score History
You have not taken this quiz